=LDR 00000nam 2200000 4500 =001 INLIS000000000050223 =005 20170425021626 =035 ##$$a 0010-0417000038 =007 ta =008 170425###########################0###### =020 ##$$a 978 - 602 -97501 - 6 - 4 =082 ##$$a 551.456 =084 ##$$a 551.456 TJA m =100 #$$a Tjandra, Ellen =245 1#$$a Mengenal padang Lamun /$c Ellen Tjandra =250 ##$$a Cet.1 =260 ##$$a Bogor :$b Pakar Media,$c 2011 =300 ##$$a iv,60 hlm. : $b Ilus ; $c 25 cm =650 ##$$a Garis Pantai =990 ##$$a 73277327 =990 ##$$a 73277327 =990 ##$$a 31700657 =990 ##$$a 02201707327 =990 ##$$a 31700658 =990 ##$$a 31700657